<?xml version="1.0" encoding="UTF-8"?>
<collection xmlns="http://www.loc.gov/MARC21/slim">
 <record>
  <leader>00785nam a22002295a 4500</leader>
  <controlfield tag="001">CEM.cems015602</controlfield>
  <controlfield tag="005">20130606165817.0</controlfield>
  <controlfield tag="008">130507s1978##################000#0#####d</controlfield>
  <controlfield tag="003">CEMS</controlfield>
  <datafield tag="020" ind1=" " ind2=" ">
   <subfield code="a">9253001453</subfield>
  </datafield>
  <datafield tag="082" ind1="0" ind2="4">
   <subfield code="a">631.4</subfield>
  </datafield>
  <datafield tag="245" ind1="0" ind2="0">
   <subfield code="a">El suelo :</subfield>
   <subfield code="b">cómo mejorar el suelo</subfield>
  </datafield>
  <datafield tag="260" ind1=" " ind2=" ">
   <subfield code="a">Roma :</subfield>
   <subfield code="b">Organización de las Naciones Unidas para,</subfield>
   <subfield code="c">1978</subfield>
  </datafield>
  <datafield tag="300" ind1=" " ind2=" ">
   <subfield code="a">29 p.</subfield>
  </datafield>
  <datafield tag="490" ind1="0" ind2=" ">
   <subfield code="a">Mejores cultivos; no. 6</subfield>
  </datafield>
  <datafield tag="505" ind1="0" ind2=" ">
   <subfield code="a">Cómo mejorar la fertilidad del suelo -- Cómo mejorar el suelo por muchos años -- Labranza con tracción animal</subfield>
  </datafield>
  <datafield tag="653" ind1=" " ind2=" ">
   <subfield code="a">Agricultura</subfield>
  </datafield>
  <datafield tag="653" ind1=" " ind2=" ">
   <subfield code="a">Suelo-mejoras</subfield>
  </datafield>
  <datafield tag="653" ind1=" " ind2=" ">
   <subfield code="a">Suelos</subfield>
  </datafield>
  <datafield tag="653" ind1=" " ind2=" ">
   <subfield code="a">Labranza</subfield>
  </datafield>
  <datafield tag="859" ind1=" " ind2=" ">
   <subfield code="a">CEMS</subfield>
   <subfield code="b">BIB. CEMS - Agricultura</subfield>
   <subfield code="h">631.4</subfield>
   <subfield code="i">Su24</subfield>
   <subfield code="p">A1895.13</subfield>
   <subfield code="t">Ej.2</subfield>
   <subfield code="v">6</subfield>
   <subfield code="3">6</subfield>
  </datafield>
  <datafield tag="859" ind1=" " ind2=" ">
   <subfield code="a">CEMS</subfield>
   <subfield code="b">BIB. CEMS - Agricultura</subfield>
   <subfield code="h">631.4</subfield>
   <subfield code="i">Su24</subfield>
   <subfield code="p">A9235.81</subfield>
   <subfield code="t">Ej.1</subfield>
   <subfield code="v">6</subfield>
   <subfield code="3">6</subfield>
  </datafield>
 </record>
</collection>
